| 000 | 00513nam a22001932 4500 | ||
|---|---|---|---|
| 001 | 0000008746 | ||
| 005 | 20151217152040.0 | ||
| 008 | 080526s xx 000 0 eng d | ||
| 020 | _cKES | ||
| 040 |
_aKABU _cKABU |
||
| 100 | 1 |
_aCarden, John. _@0000159445 |
|
| 245 | 1 | 0 |
_aLest we grow hard / _c John Carden. |
| 260 |
_aLondon : _bHighway Press, _c1962. |
||
| 300 | _a185 p. | ||
| 650 | 0 |
_aChristian life. _@0000149167 |
|
| 908 | _a080526 | ||
| 950 | _@1 | ||
| 999 |
_c7717 _d7717 |
||